00992nam a2200217 i 4500001000700000003000900007005001700016007000300033008004100036245010600077260006000183300002800243505029100271650003000562700003400592700002800626700004400654700002700698700001400725852003500739120620ES-MaACL20230906191604.0t|070214s1962 sp r ||||1| spa d00aEnciclopedia Farmacéutica / cdirigida por Prof. Dr. A. del Pozo, Prof. Dr. E. Gastón de Iriarte. aBarcelona [etc.] : bEd. Científico-Médica, c1962. a2 v. : bil. ; c25 cm.8 aContiene: I. Drogas y productos Químicos redactado por... Juan M. García Marquina... Alfonso del Pozo... Ramón San Martín. XIII h. 1130 p. -- II. Farmacotecnia. Técnicas preparatorias y medicamentos redactado por... M. Folch... E. Gaston de Iriarte... M. Losa... VIII. 1366 p. 4aFarmacia-vEnciclopedias.1 aPozo Carrascosa, Alfonso del.1 aGastón de Iriarte, E.1 aGarcía-Marquina Rodrigo, Juan Marino.1 aSan Martín, Ramón.1 aFolch, G. aES-MaACLjP-1041-bis bR.50001